Kurs walutowy w RWPG

Guardado en:
Detalles Bibliográficos
Autor principal: Juchymiuk, Zdzislaw
Formato: Libro
Lenguaje:polaco
Publicado: Wroclaw Uniwersytet 1986
Edición:1. wyd.
Colección:Acta Universitatis Wratislaviensis No. 766
Etiquetas: Agregar Etiqueta
Sin Etiquetas, Sea el primero en etiquetar este registro!

MARC

LEADER 00000nam a2200000 4500
001 c033862
005 20221220071851.2
041 0 |a pol 
044 |a PL 
245 1 0 |a Kurs walutowy w RWPG  |c Zdzislaw Juchymiuk 
250 |a 1. wyd. 
264 1 |a Wroclaw  |b Uniwersytet  |c 1986 
300 |a 162 s. 
490 1 |a Acta Universitatis Wratislaviensis  |v No. 766 
830 0 |a Acta Universitatis Wratislaviensis  |v No. 766 
100 1 |a Juchymiuk, Zdzislaw